« Retourner aux résultats de recherche
mystère des chaussettes qui puent (Le)
| Auteur principal: | Lewis B. Montgomery |
|---|---|
| D'autres auteurs: | Valérie Latour-Burney Isabelle Maroger Illustrateur |
| Support: | Livres |
| Langue: | Francais |
| Publié: |
DL 2015 Bayard Jeunesse [Paris] |
| Series: |
(Les )enquêtes d'Eliott et Nina |
| Genre: |
Roman enfant |
| Collection: |
(Les )enquêtes d'Eliott et Nina |
| Sujets: | |
| Étiquettes: |
Ajouter
Pas de Tags !
|
| LEADER | 00996nam0a2200229 450 | ||
|---|---|---|---|
| 001 | 16823965 | ||
| 010 | |a 978-2-7470-4484-4 |b br. |d 5,3 | ||
| 100 | |a 20150317d2026 u u0frey01 ba | ||
| 101 | 1 | |a fre |c eng | |
| 102 | |a FR | ||
| 200 | 0 | |a mystère des chaussettes qui puent (Le) |f Lewis B. Montgomery |g traduit de l'anglais (Etats-Unis) par Valérie Latour-Burney - illustré par Isabelle Maroger - traduit de l'anglais (Etats-Unis) par Valérie Latour-Burney - illustré par Isabelle Maroger | |
| 207 | 1 | |a | |
| 210 | |a [Paris] |c Bayard Jeunesse |d DL 2015 | ||
| 215 | |a 1 vol. (90 p.) |c ill. |d 18 cm | ||
| 225 | 1 | |a (Les )enquêtes d'Eliott et Nina |v 1 | |
| 461 | 0 | |t (Les )enquêtes d'Eliott et Nina |v 1 | |
| 700 | 0 | |a Montgomery |b Lewis B. |4 70 | |
| 702 | 0 | |a Latour-Burney |b Valérie |4 730 | |
| 702 | 0 | |a Maroger |b Isabelle |c Illustrateur |f 1979-.... |4 730 | |
| 900 | |a Roman enfant | ||
| 901 | |a Accessible au prêt | ||
| 995 | |a Bibliothèque |c Bibliothèque |f 024016968 |h 024016968 |k E C3 MON |o p |q j |r az |e Bibliothèque | ||
